Southville International School and Colleges
Your cart is empty.
  • Cart
  • Lists
    Public lists Eva Luna New books Lux_list list_1
    Your lists Log in to create your own lists
  • Log in to your account
  • Your cookies
  • Search history
Southville International School and Colleges
  • Advanced search
  • Recent comments
  • Most popular
  • Libraries

Log in to your account

Log in with GOOGLE


If you do not have an external account, but do have a local account, you can still log in:

  1. Home
  2. MARC view: Tourism Management :
Normal view MARC view ISBD view

Tourism Management : (Record no. 22321)

[ view plain ]
MARC details
000 -LEADER
fixed length control field 00997nam a2200229 a 4500
003 - CONTROL NUMBER IDENTIFIER
control field SISC
005 - DATE AND TIME OF LATEST TRANSACTION
control field 20160603155920.0
008 - FIXED-LENGTH DATA ELEMENTS--GENERAL INFORMATION
fixed length control field 121004s19uu xx 00 eng d
020 ## - INTERNATIONAL STANDARD BOOK NUMBER
International Standard Book Number 9780080969329
050 ## - LIBRARY OF CONGRESS CALL NUMBER
Classification number G 155.A1
Item number .P132 2011
100 ## - MAIN ENTRY--PERSONAL NAME
Personal name Page, Stephen J.
245 ## - TITLE STATEMENT
Title Tourism Management :
Remainder of title an introduction /
Statement of responsibility, etc Stephen J. Page.
250 ## - EDITION STATEMENT
Edition statement 4th edition.
260 ## - PUBLICATION, DISTRIBUTION, ETC. (IMPRINT)
Place of publication, distribution, etc Oxford, UK :
Name of publisher, distributor, etc Elsevier / Butterworth-Heunemann,
Date of publication, distribution, etc 2011.
300 ## - PHYSICAL DESCRIPTION
Extent 382 pages :
Other physical details color illustrations ;
Dimensions 26 cm.
500 ## - GENERAL NOTE
General note Includes index.
520 ## - SUMMARY, ETC.
Summary, etc Offers an introduction to the fundamentals of tourism. This title traces the evolution and future development of tourism and the challenges facing tourism managers in this growing sector of the world economy. It is illustrated with diagrams and colour images, and contains short case studies, as well as data and statistics
650 ## - SUBJECT ADDED ENTRY--TOPICAL TERM
Topical term or geographic name as entry element Tourism management
650 ## - SUBJECT ADDED ENTRY--TOPICAL TERM
Topical term or geographic name as entry element Hospitality industry
General subdivision Management.
942 ## - ADDED ENTRY ELEMENTS (KOHA)
Koha item type Books
Source of classification or shelving scheme Library of Congress Classification
Call number prefix Foreign
Holdings
Withdrawn status Lost status Source of classification or shelving scheme Damaged status Home library Current library Shelving location Date acquired Source of acquisition Cost, normal purchase price Total Checkouts Full call number Barcode Date last seen Copy number Price effective from Koha item type
    Library of Congress Classification   College Library College Library General Circulation Section 10/04/2012 Donation 4246.00   G 155.A1 .P132 2011 C16179 05/15/2018 1 10/10/2013 Books

Tourism Management :

APA

Page S. J., . (2011). Tourism Management. Oxford, UK: Elsevier / Butterworth-Heunemann.

Chicago

Page Stephen J, . 2011. Tourism Management. Oxford, UK: Elsevier / Butterworth-Heunemann.

Harvard

Page S. J., . (2011). Tourism Management. Oxford, UK: Elsevier / Butterworth-Heunemann.

MLA

Page Stephen J, . Tourism Management. Oxford, UK: Elsevier / Butterworth-Heunemann. 2011.

  • Place hold
  • Print
  • Cite
  • Add to your cart (remove)
  • Save record
    BIBTEX Dublin Core MARCXML MARC (non-Unicode/MARC-8) MARC (Unicode/UTF-8) MARC (Unicode/UTF-8, Standard) MODS (XML) RIS
  • More searches
    Search for this title in:
    Other Libraries (WorldCat) Other Databases (Google Scholar) Online Stores (Bookfinder.com) Open Library (openlibrary.org)

Exporting to Dublin Core...

SOUTHVILLE LIBRARY

Southville International School and Colleges Library

1281 Tropical Ave. Cor. Luxembourg St., BF Homes International, Las Pinas City

Tel. No. 8256374 / 252358 Loc. 117/146

Powered by Koha